MDQL
is popping MORE tags! Check the
thread
!
Quizzes
Events
Quiz Creation
Community
Videos
Private Events
Remove Ads
Sign In
Join for FREE
Feedback
Dark Mode
Quiz Categories
Sports
Geography
Music
Movies
Television
Just For Fun
Miscellaneous
History
Literature
Language
Science
Gaming
Entertainment
Religion
Holiday
For Kids
Quiz Lab
Recent
Popular Today
Quiz Kudos Today
Editor Picks
Curator Picks
Quizzes by...
Day
Popularity
Type
Ratings
Length
Year
Community
Subscriptions
Recent Discussions
Orange Saloon
Badges
Playlists
Quests
Create
Leaderboards
Showdown
Live 5
Trivia Bingo
Activity
Puzzle Library
Sporcle Events
Private Events
Virtual Trivia
Globe League
Become a Host
Pub Owners
SporcleCon
Opinionation
Our Games
Videos
Blog
Mobile Apps
Partnerships
Remove Ads and Go Orange
Feedback
Music
Pop Music
The Beatles
Song
Album
Lyrics
Bands
Singers
Artist
Clip
Rock
Rap
Classical
Billboard
Country Music
Kpop
Taylor Swift
Music
Pop Music
The Beatles
Song
Album
Lyrics
Bands
Singers
Artist
Clip
Rock
Rap
Classical
Billboard
Country Music
Kpop
Taylor Swift
Random Quiz
Search Sporcle
×
Quiz Lab
Quiz Lab
Music
kick
Type in answers that appear in a list
Type in answers that appear in a list
Classic
Best Score? Go Orange.
Kick the Dust Up Lyrics by Luke Bryan Stats
Can you name the Kick the Dust Up by Lyrics Luke Bryan?
By
onowak
10m
219 Questions
481 Plays
481 Plays
481 Plays
Comments
Comments
Give Quiz Kudos
Give Quiz Kudos
-
- Ratings
hide this ad
Replay
Link that replays current quiz
Next Quiz
Link to next quiz in quiz playlist
You Got
0%
They Got
Avg Score
70%
Avg Friend Score
Upgrade to see
Score Distribution
Jump to the score distribution portion of the page
Score
0/219
Timer
10:00
0
Plays Today
Answer
% Correct
the
98.1%
a
98.1%
a
98.1%
And
98.1%
a
98.1%
a
98.1%
the
98.1%
a
98.1%
a
98.1%
and
98.1%
the
98.1%
and
98.1%
the
98.1%
a
98.1%
the
98.1%
a
98.1%
and
98.1%
And
98.1%
the
98.1%
the
98.1%
the
98.1%
the
98.1%
98.1%
up
97.1%
up
97.1%
up
97.1%
up
97.1%
up
97.1%
up
97.1%
up
97.1%
up
97.1%
up
97.1%
up
97.1%
up
97.1%
up
97.1%
up
97.1%
up
97.1%
up
97.1%
up
97.1%
Kick
96.9%
dust
96.9%
kick
96.9%
Kick
96.9%
dust
96.9%
kick
96.9%
dust
96.9%
kick
96.9%
kick
96.9%
dust
96.9%
it
91.3%
it
91.3%
it
91.3%
it
91.3%
it
91.3%
it
91.3%
We
90.4%
we
90.4%
we
90.4%
to
87.9%
on
86%
on
86%
on
86%
on
86%
on
86%
on
86%
on
86%
back
85%
back
85%
Back
85%
back
85%
All
84.2%
in
84.2%
its
82.7%
Answer
% Correct
its
82.7%
go
82.7%
its
82.7%
its
82.7%
that
81.3%
That
81.3%
that
81.3%
town
79.2%
long
77.7%
out
77.3%
out
77.3%
out
77.3%
there
76.5%
week
76.3%
you
75.8%
you
75.8%
you
75.8%
where
74.4%
down
74.2%
down
74.2%
road
74%
road
74%
They
73.8%
they
73.8%
turn
73.1%
party
73.1%
Par
73.1%
into
72.7%
aint
72.5%
nobody
72.1%
this
72.1%
way
71.7%
cornfield
71.5%
farming
70.8%
goes
70.8%
goes
70.8%
your
70.6%
your
70.6%
your
70.6%
your
70.6%
making
70.4%
money
70.2%
Come
69.8%
come
69.8%
grow
69.4%
be
67.7%
two
67.5%
take
66.7%
like
66.7%
like
66.7%
lane
65.4%
sun
65.4%
around
65%
Tractors
64.4%
one
64%
last
64%
high
63.8%
people
63.1%
people
63.1%
lights
62.5%
door
62.3%
boots
62.3%
of
62.3%
door
62.3%
of
62.3%
lap
62.1%
Fill
61.9%
cup
61.9%
fill
61.9%
cup
61.9%
what
61.3%
Theyre
61%
theyre
61%
Answer
% Correct
for
60.6%
for
60.6%
got
60%
Got
60%
got
60%
flashing
59.8%
song
59.2%
girl
58.8%
floorboard
58.5%
Cadillac
57.9%
Better
57.9%
Pedal
57.5%
Backin
57.3%
me
57.3%
me
57.3%
with
56.5%
have
56.5%
dont
55.4%
know
55.4%
then
54.4%
now
54.4%
see
54.4%
knock
54.2%
knock
54.2%
knock
54.2%
if
54.2%
music
53.5%
clear
53.1%
four
52.7%
waitin
52.7%
jar
52.7%
plows
52.3%
beautiful
52.3%
line
51.9%
dollar
51.9%
full
51.9%
ear
51.7%
drinks
51.3%
inside
50.8%
wanna
50.8%
Lets
50.4%
Lets
50.4%
Lets
50.4%
ten
50.2%
watch
50%
packed
49.6%
Bar
49.4%
Baby
49.2%
diesel
49%
Burnin
48.8%
step
48.8%
really
48.8%
tear
47.9%
71
47.3%
i
45.8%
I
45.8%
downtown
44.6%
waiting
44%
pile
42.1%
did
34%
thats
32.7%
Just
31.3%
glad
30.8%
Z
29.4%
whats
29.2%
bridge
28.8%
follow
28.5%
Eight
27.7%
32
27.3%
yall
26.5%
neath
22.3%
[REFRAIN]
1.5%
[REFRAIN]
1.5%
Quiz Playlist
Details
Report
Send in Message
Add To Playlist
Classic:
Type in answers that appear in a list
Last Updated: Sep 18, 2017
Quiz Scoreboard
CHALLENGE
Sign Up to Join the Scoreboard
Show All
Scores
Hide
Comments
May contain spoilers
Recently Published
Image Sorting: Flags VI
by Barbecue
Geography
2m
Find the 'City' Movie
by crazypaving
Movies
60s
Colored Red Africa Blitz
by spor1
Geography
45s
More to Explore
Quiz From the Vault
Featured Blog Post
14 Easter Pick-up Lines to Find Eggs With
hide this ad
You Might Also Like...
Tags
Bryan
kick
luke
Today's Top Quizzes in Music
Browse Music
hide this ad
Top Contributed Quizzes in Music
1
5X2 Blitz: Bands II
2
5X2 Blitz: The Beatles
3
Taylor Swift All Songs (2024)
4
5X2 Blitz: Billboard
5
5X2 Blitz: Billboard II
6
5X2 Blitz: Album
7
5X2 Blitz: Rock
8
5X2 Blitz: Singers
9
Taylor Swift Logic Puzzle II
10
5X2 Blitz: Lyrics
Explore More
Trending Topics
NBA
Marvel
Anime
Harry Potter
Disney
Kpop
Crossword
Pokémon
Puzzle
NFL
WWE
Country
The Office
Soccer
Song
hide this ad
More By:
onowak
Quiz
Plays
Rating
Category
Featured
Created
Name ALL One Tree Hill Characters
8,336
Television
Nov 17, 2015
One Tree Hill Relationships
1,167
Television
Aug 21, 2015
Name All the Children of One Tree Hill
493
3.00
Television
Aug 21, 2015
Kick the Dust Up Lyrics by Luke Bryan
481
3.00
Music
Aug 21, 2015
Jennifer Lawrence Movies
55
Entertainment
Dec 28, 2015
Go to Creator's Profile
Score Distribution
Quiz Creator Spotlight
onowak
Follow
Send a Message
Quizzes Created
-
Created Quiz Play Count
-
More By This Creator
Popular Quizzes Today
1
Colored Red Africa Blitz
2
Find the US States - No Outlines Minefield
3
Find the 'City' Movie
4
5x2 Blitz: Bands
5
The Countries of the World
6
Find the US States
7
Find the Countries of Europe - No Outlines Minefield
8
US States
More Music Quizzes
Classic Rock Songs Missing 'H' Words
Quiz Lab
Trending Quizzes
Colored Red Europe Blitz I
Colored Red Europe Blitz II
Colored Red Africa Blitz II
Colored Red Europe Blitz III
Colored Red Africa Blitz III
Recently Updated
How Do You Spell That?
pecheneg
Godzilla Movies
pecheneg
Grab Bag: 4-10 Letters
pecheneg
2024 March Madness Bracket
pecheneg
Famous TV Couples
Peacemaker
Champions League XIs: Real Madrid
pecheneg
Largest US Cities 1790-2010
pecheneg
Rides in Walt Disney World
pecheneg
Most Oscar Losses (Acting)
pecheneg
Beyoncé Albums
pecheneg
Trending Topics
NBA
Harry Potter
Marvel
Disney
Anime
Kpop
Crossword
Pokémon
Soccer
Song
Puzzle
The Office
Country
WWE
NFL
Your Account Isn't Verified!
In order to create a playlist on Sporcle, you need to verify the email address you used during registration. Go to your
Sporcle Settings
to finish the process.
Report this User
Report this user for behavior that violates our
Community Guidelines
.
Details:
Send Report
Go to the Sporcle.com Mobile Site →
Comments